Historia breve de Japón
Na minha lista:
| Autor principal: | |
|---|---|
| Formato: | Livro |
| Idioma: | espanhol |
| Publicado em: |
Madrid
Silex Ediciones S. L
2010
|
| Edição: | 1a. ed |
| Colecção: | Historia
|
| Assuntos: | |
| Tags: |
Adicionar Tag
Sem tags, seja o primeiro a adicionar uma tag!
|
MARC
| LEADER | 00000cam a2200000 a 4500 | ||
|---|---|---|---|
| 001 | UCC5614 | ||
| 003 | CL-VaPUC | ||
| 008 | 181021e20100000sp |||||||||||||||||spa|d | ||
| 020 | |a 9788477374138 | ||
| 082 | 0 | 4 | |a 952.03 |b SEC |2 21 |
| 100 | 0 | |a Seco Serra, Irene |e author |9 599971 | |
| 245 | 1 | 0 | |a Historia breve de Japón |
| 250 | |a 1a. ed | ||
| 300 | |a 231 p | ||
| 942 | |c BK | ||
| 945 | |d 20181021 19:29:00 |a dcastane | ||
| 260 | |a Madrid |b Silex Ediciones S. L |c 2010 | ||
| 650 | 0 | |a Historia de Japón |9 325299 | |
| 650 | 0 | |a Edad media |9 258041 | |
| 583 | |a last modification |c 20181021 19:29:00 |k Rodrigo Vera | ||
| 490 | 0 | |a Historia | |
| 999 | |c 372787 |d 372785 | ||
| 952 | |0 0 |1 0 |3 erb |4 0 |6 952_030000000000000_SEC_2010 |7 0 |8 A |9 490609 |a BIBHIS |b BIBHIS |i 5508851 |o 952.03 SEC 2010 |p 5508851 |r 2025-01-20 |w 2019-11-24 |y BK |z Catalogado en:20181021 |k HIS | ||